Science Quiz

Random Science or Math Quiz

Math Blitz: 0 or 1 Quiz Stats

Quiz Updated Nov 16, 2015

Challenge
Share
Tweet
Embed
Score 0/10 Timer 01:00
4 Plays Today
Hint 0 or 1 % Correct
110010110101 ÷ 110010110101???
81.9%
111 x 10 x 0 x 1 x 100000 x 11???
73.7%
|-1| + 1 - |1| - |-1| + |-1|???
72.3%
10???
71%
sin2(θ) + cos2(θ)???
68.5%
cos(0)???
68.5%
847770 - 9419410???
64.1%
sin(0)???
60.9%
24 - 1 - 4 - 27 + 5 - 25 + 21 + 7???
54%
e + 1???
44.3%

You're not logged in!

Compare scores with friends on all Sporcle quizzes.
Join for Free
OR
Log In

You Might Also Like...

Show Comments

Extras

Top Quizzes Today


Score Distribution

Your Account Isn't Verified!

In order to create a playlist on Sporcle, you need to verify the email address you used during registration. Go to your Sporcle Settings to finish the process.

Report this User

Report this user for behavior that violates our Community Guidelines.

Details: